[Event "20th HZ Open 2016"]
[Site "Vlissingen NED"]
[Date "2016.08.07"]
[Round "3.36"]
[White "De Boer, Eelke"]
[Black "Van der Borgt, Peter"]
[Result "1-0"]
[WhiteElo "2183"]
[BlackElo "1986"]
[WhiteFideId "1048120"]
[BlackFideId "1020129"]
[EventDate "2016.08.06"]

1. e4 c5 2. Nf3 Nc6 3. d4 cxd4 4. Nxd4 e5 5. Nb5 a6 6. Nd6+ Bxd6 7. Qxd6 Qf6 8.
Qd1 Qg6 9. Nc3 Nge7 10. Be3 d5 11. exd5 Nb4 12. Bd3 Nxd3+ 13. Qxd3 Bf5 14. Qd2
Bxc2 15. d6 Rd8 16. Bc5 Qxg2 17. Rf1 Qg6 18. Rc1 Bf5 19. Qe3 Rxd6 20. Bxd6 Qxd6
21. Rd1 Qc7 22. f4 exf4 23. Qxf4 Qxf4 24. Rxf4 Be6 25. Rb4 b5 26. Rd6 Bc8 27.
Rbd4 O-O 28. Rd8 Nc6 29. Rxf8+ Kxf8 30. Rd6 Na7 31. Nd5 f6 32. Nb6 Bf5 33. Nd7+
Ke7 34. Rxa6 Nc8 35. Nc5 g5 36. Ra5 Nd6 37. Ra7+ Kd8 38. b3 Kc8 39. Kd2 h5 40.
Ke3 h4 41. Kd4 b4 42. Kd5 Nb5 43. Rf7 Bh3 44. Rxf6 Bg2+ 45. Kc4 Nc3 46. Rf8+ Kc7
47. Kxb4 Nxa2+ 48. Kc4 g4 49. Nd3 g3 50. hxg3 hxg3 51. Rg8 Bf1 52. Kd4 g2 53.
Nf4 Nc1 54. Kc3 Kb6 55. Nxg2 Ne2+ 56. Kb2 Nd4 57. Ne3 Bh3 58. Kc3 Nb5+ 59. Kb4
Nd4 60. Rg6+ Nc6+ 61. Kc4 Kb7 62. Rg7+ Kc8 63. Kc5 Nd8 64. Kb6 Be6 65. Nc4 Bd5
66. Rc7+ Kb8 67. Rd7 1-0

[Event "20th HZ Open 2016"]
[Site "Vlissingen NED"]
[Date "2016.08.07"]
[Round "3.37"]
[White "De Feijter, Niels"]
[Black "Provoost, Simon"]
[Result "0-1"]
[WhiteElo "1699"]
[BlackElo "2178"]
[WhiteFideId "1046470"]
[BlackFideId "1016334"]
[EventDate "2016.08.06"]

1. c4 e5 2. Nc3 Nc6 3. e4 Bc5 4. a3 a5 5. d3 d6 6. Be2 Qh4 7. g3 Qf6 8. f4 Nge7
9. Bg4 exf4 10. Bxc8 fxg3 11. Bd7+ Kxd7 12. Qg4+ Ke8 13. Qxg3 Nd4 14. Bg5 Qe5
15. O-O-O Qxg3 16. hxg3 f6 17. Bd2 Nec6 18. Nge2 Ne5 19. Nxd4 Bxd4 20. Nb5 Bb6
21. Kc2 Kd7 22. b3 c6 23. Nc3 Ng4 24. Rdf1 h5 25. Ne2 Bf2 26. Rh4 Bc5 27. Kb2 g5
28. Rh3 Nf2 29. Rh2 Nxd3+ 30. Kc2 Ne5 31. Rxf6 Ng4 0-1

[Event "20th HZ Open 2016"]
[Site "Vlissingen NED"]
[Date "2016.08.07"]
[Round "3.38"]
[White "Franssen, Jeroen"]
[Black "Haisma, Henk"]
[Result "1-0"]
[WhiteElo "2156"]
[BlackElo "1783"]
[WhiteFideId "1032410"]
[BlackFideId "1038486"]
[EventDate "2016.08.06"]

1. d4 d5 2. Nf3 Nf6 3. c4 c6 4. Nc3 e6 5. Bg5 Be7 6. e3 Nbd7 7. Bd3 h6 8. Bh4
O-O 9. O-O dxc4 10. Bxc4 Nd5 11. Bg3 Re8 12. Rc1 Nf8 13. Ne5 Nxc3 14. Rxc3 Bb4
15. Rb3 Bd6 16. Qh5 Bxe5 17. Bxe5 Nd7 18. Bg3 Nf6 19. Qf3 Nh7 20. h4 Qd7 21. Rd1
b6 22. e4 b5 23. Bf1 Bb7 24. Rc3 Rac8 25. Rc5 Qe7 26. e5 Red8 27. Bd3 Nf8 28.
Qe4 Rd5 29. Rxd5 cxd5 30. Qg4 Qe8 31. Bf4 Ng6 32. Bd2 Kh8 33. h5 Ne7 34. Re1 a6
35. Re3 Qg8 36. Rg3 Rf8 37. Qh4 Nf5 38. Bxf5 exf5 39. Bxh6 gxh6 40. Qf6+ Kh7 41.
Qxf5+ Kh8 42. Qf6+ Kh7 43. Rxg8 1-0

[Event "20th HZ Open 2016"]
[Site "Vlissingen NED"]
[Date "2016.08.07"]
[Round "3.39"]
[White "Van Foreest, Jorden"]
[Black "Verwoert, Jef"]
[Result "1-0"]
[WhiteTitle "GM"]
[WhiteElo "2601"]
[BlackElo "2029"]
[WhiteFideId "1039784"]
[BlackFideId "1004271"]
[EventDate "2016.08.06"]

1. e4 c5 2. Nf3 g6 3. d4 cxd4 4. Nxd4 Nc6 5. c4 Nf6 6. Nc3 d6 7. Be2 Nxd4 8.
Qxd4 Bg7 9. Be3 O-O 10. Qd2 a5 11. Rd1 Be6 12. O-O a4 13. f4 Qa5 14. Bd4 Rfc8
15. b3 axb3 16. axb3 Bg4 17. e5 Bxe2 18. Qxe2 Nd7 19. Nd5 Kf8 20. exd6 Bxd4+ 21.
Rxd4 e6 22. Nc7 Qb6 23. Qe3 Ra2 24. h3 Re2 25. Qd3 Nc5 26. Qxe2 Nxb3 27. Kh1
Qxd4 28. Rd1 Qc3 29. Qf2 Kg7 30. d7 Rd8 31. Qh4 Qc2 32. Qxd8 1-0

[Event "20th HZ Open 2016"]
[Site "Vlissingen NED"]
[Date "2016.08.07"]
[Round "3.40"]
[White "Kalle, Erwin"]
[Black "Naber, Quirine"]
[Result "1-0"]
[WhiteElo "1938"]
[BlackElo "1737"]
[WhiteFideId "1045504"]
[BlackFideId "1041576"]
[EventDate "2016.08.06"]

1. e4 d6 2. d4 g6 3. Nc3 Bg7 4. f4 Nf6 5. Nf3 O-O 6. Bd3 c6 7. O-O Nbd7 8. Qe1
b5 9. Qh4 Nb6 10. e5 Nfd5 11. f5 Qd7 12. Bh6 f6 13. e6 Qc7 14. fxg6 1-0

[Event "20th HZ Open 2016"]
[Site "Vlissingen NED"]
[Date "2016.08.07"]
[Round "3.41"]
[White "Mesman, Edwyn"]
[Black "Admiraal, Miguoel"]
[Result "0-1"]
[BlackTitle "IM"]
[WhiteElo "1991"]
[BlackElo "2458"]
[WhiteFideId "1046551"]
[BlackFideId "1019716"]
[EventDate "2016.08.06"]

1. e4 c5 2. Nf3 e6 3. d4 cxd4 4. Nxd4 Nc6 5. c4 Nf6 6. Nc3 Bb4 7. Nxc6 bxc6 8.
Bd3 e5 9. O-O O-O 10. Bg5 h6 11. Bh4 Bc5 12. Kh1 d6 13. Ne2 g5 14. Bg3 Rb8 15.
Rb1 Nh5 16. Ng1 Nf4 17. Bxf4 exf4 18. g4 Qf6 19. b3 Kg7 20. Be2 a5 21. h3 a4 22.
Kg2 axb3 23. axb3 Re8 24. Bf3 Re7 25. Ne2 Ra7 26. Qc2 Bd7 27. Nc1 Bd4 28. Nd3
Rba8 29. Nc1 Rh8 30. Ne2 Be5 31. Rfd1 Qg6 32. Rh1 Rd8 33. Nc1 c5 34. Rd1 Bc6 35.
Qd3 Re8 36. Re1 Rae7 37. Bd1 Bd4 38. f3 h5 39. Ne2 Be3 40. Qc3+ f6 41. Ng3 fxg3
42. Rxe3 hxg4 43. hxg4 Qh6 44. Kxg3 Rh8 45. Kf2 Qh1 46. Re1 Rh2+ 47. Ke3 Rxe4+
48. Kd3 Rxe1 49. Bc2 Qf1# 0-1

[Event "20th HZ Open 2016"]
[Site "Vlissingen NED"]
[Date "2016.08.07"]
[Round "3.42"]
[White "Westerweele, Henrik"]
[Black "Beerdsen, Thomas"]
[Result "0-1"]
[BlackTitle "FM"]
[WhiteElo "1991"]
[BlackElo "2424"]
[WhiteFideId "1013319"]
[BlackFideId "1030108"]
[EventDate "2016.08.06"]

1. e4 e5 2. Nf3 Nc6 3. Bc4 Bc5 4. c3 Nf6 5. d3 O-O 6. O-O d5 7. exd5 Nxd5 8. Re1
Nb6 9. Bb3 a5 10. Be3 Bxe3 11. Rxe3 a4 12. Bc2 Nd5 13. Re1 Nf4 14. d4 exd4 15.
cxd4 Bg4 16. Nc3 a3 17. b4 Nxb4 18. Be4 f5 19. Qb3+ Kh8 20. Bxb7 Rb8 21. Ne5
Rxb7 22. Nf7+ Rxf7 23. Qxf7 Rb8 24. Re7 Qg8 25. h3 Bh5 26. Qxf5 Rf8 27. Qd7 Nbd5
28. Nxd5 Nxd5 29. Re5 Bf7 30. Rf5 Nc3 31. Qe7 c6 32. Rc1 Re8 0-1

[Event "20th HZ Open 2016"]
[Site "Vlissingen NED"]
[Date "2016.08.07"]
[Round "3.43"]
[White "Eisenbeiser, Karlheinz"]
[Black "Van Delft, Merijn"]
[Result "0-1"]
[BlackTitle "IM"]
[WhiteElo "1989"]
[BlackElo "2391"]
[WhiteFideId "4653360"]
[BlackFideId "1004670"]
[EventDate "2016.08.06"]

1. e4 c5 2. c3 d5 3. exd5 Qxd5 4. d4 g6 5. Nf3 Bg7 6. Be3 cxd4 7. cxd4 Nf6 8.
Nc3 Qd8 9. Bb5+ Nbd7 10. Ne5 O-O 11. Nxd7 Bxd7 12. Be2 Bc6 13. Bf3 Nd5 14. Nxd5
Bxd5 15. O-O e6 16. Qe2 Qa5 17. Rfd1 Rfd8 18. b3 Bxf3 19. Qxf3 Rd5 20. Qe2 Rad8
21. Rac1 Bxd4 22. Bxd4 Rxd4 23. Rxd4 Rxd4 24. Rc8+ Kg7 25. h3 Qd5 26. Qe3 h5 27.
Qg3 h4 28. Qb8 Rd1+ 29. Kh2 Qd4 30. Rc2 Qa1 31. g3 Rh1+ 32. Kg2 Qf1+ 33. Kf3
Qd3+ 34. Kg2 Qe4+ 0-1

[Event "20th HZ Open 2016"]
[Site "Vlissingen NED"]
[Date "2016.08.07"]
[Round "3.44"]
[White "Van Rij, Gert"]
[Black "Maris, Ivo"]
[Result "0-1"]
[BlackTitle "FM"]
[WhiteElo "1963"]
[BlackElo "2370"]
[WhiteFideId "1011766"]
[BlackFideId "1028146"]
[EventDate "2016.08.06"]

1. d4 e6 2. c4 Nf6 3. g3 d5 4. Bg2 Be7 5. Nf3 O-O 6. Qc2 dxc4 7. Qxc4 a6 8. a4
b5 9. Qc2 Bb7 10. axb5 axb5 11. Rxa8 Bxa8 12. O-O Be4 0-1

[Event "20th HZ Open 2016"]
[Site "Vlissingen NED"]
[Date "2016.08.07"]
[Round "3.45"]
[White "Stillger, Bernhard"]
[Black "Boerkamp, Harry"]
[Result "1-0"]
[WhiteTitle "FM"]
[WhiteElo "2235"]
[BlackElo "1946"]
[WhiteFideId "4610768"]
[BlackFideId "1041002"]
[EventDate "2016.08.06"]

1. Nf3 Nc6 2. e4 e5 3. Nc3 Nf6 4. d4 exd4 5. Nxd4 Bb4 6. Nxc6 bxc6 7. Bd3 O-O 8.
O-O d6 9. Bg5 h6 10. Bd2 a5 11. Qf3 Ng4 12. Qg3 Kh8 13. f4 Bc5+ 14. Kh1 h5 15.
h3 h4 16. Qf3 Nh6 17. Rae1 f5 18. Qh5 Bd7 19. exf5 Bxf5 20. Ne4 Bd4 21. Ng5 Qf6
22. Bxf5 Qxf5 23. c3 Bf6 24. Qxh4 Qd3 25. Bc1 Bxg5 26. Qxg5 Rae8 27. Qh5 Rxe1
28. Rxe1 Qg3 29. Rf1 Rf5 30. Qe8+ Kh7 31. Qe4 g6 32. Qe1 Qd3 33. Rf3 Qd5 34. b3
Rf7 35. c4 Qh5 36. Kg1 Ng8 37. Bb2 Re7 38. Qc3 Qc5+ 39. Kh2 1-0

[Event "20th HZ Open 2016"]
[Site "Vlissingen NED"]
[Date "2016.08.07"]
[Round "3.46"]
[White "Reichardt, Jasper"]
[Black "Bluhm, Sonja Maria"]
[Result "0-1"]
[BlackTitle "WFM"]
[WhiteElo "1934"]
[BlackElo "2235"]
[WhiteFideId "1046578"]
[BlackFideId "24654027"]
[EventDate "2016.08.06"]

1. c4 e5 2. Nc3 Nf6 3. Nf3 Nc6 4. g3 d5 5. cxd5 Nxd5 6. Bg2 Nb6 7. O-O Be7 8. d3
O-O 9. a3 Re8 10. Be3 Bf8 11. Rc1 Bg4 12. Nd2 Qd7 13. Nde4 Bh3 14. Bc5 Bxg2 15.
Kxg2 Nd4 16. Bxf8 Rxf8 17. b4 c6 18. Nc5 Qe7 19. e3 Nf5 20. Qc2 g6 21. Rfd1 Rad8
22. Qb2 Ng7 23. Ne2 Nd5 24. d4 e4 25. Nc3 Nxc3 26. Rxc3 Rd5 27. Qe2 b6 28. Nb3
Qe6 29. Rdc1 Rh5 30. h4 g5 31. d5 cxd5 32. Nd4 Qg6 33. Rc6 f6 34. hxg5 Qxg5 35.
Rh1 Rxh1 36. Kxh1 h5 37. Qf1 Qg4 38. Kh2 h4 39. Qh3 hxg3+ 40. Qxg3 Qxg3+ 41.
Kxg3 Ne8 42. Nf5 Kf7 43. Nd6+ Nxd6 44. Rxd6 Rg8+ 45. Kf4 Rg5 46. Rd7+ Ke6 47.
Rxa7 Rg2 48. Ra6 Rxf2+ 49. Kg4 f5+ 50. Kg5 Rg2+ 51. Kh4 f4 52. exf4 e3 53. Rxb6+
Kf5 54. Rb8 e2 55. Re8 Kxf4 56. Kh3 Rg3+ 57. Kh2 Re3 0-1

[Event "20th HZ Open 2016"]
[Site "Vlissingen NED"]
[Date "2016.08.07"]
[Round "3.47"]
[White "Michalczak, Thomas"]
[Black "Schilstra, Laurens"]
[Result "1-0"]
[WhiteTitle "FM"]
[WhiteElo "2234"]
[BlackElo "1927"]
[WhiteFideId "4622634"]
[BlackFideId "1043218"]
[EventDate "2016.08.06"]

1. e4 e5 2. f4 d5 3. exd5 exf4 4. Nf3 Nf6 5. Bb5+ Bd7 6. Bc4 Bd6 7. Qe2+ Qe7 8.
Qxe7+ Kxe7 9. d4 Bf5 10. Bb3 Nbd7 11. O-O Rhe8 12. Nh4 Be4 13. Nc3 Kf8 14. Nxe4
Rxe4 15. Nf5 Nh5 16. c3 g5 17. Bc2 Ree8 18. h4 f6 19. c4 b6 20. b3 Bb4 21. hxg5
fxg5 22. g3 Bc3 23. Rb1 Nxg3 24. Nxg3 Bxd4+ 25. Kh1 Kg8 26. Ne4 Re5 27. Rd1 Bc5
28. Bb2 Re7 29. Nxg5 1-0

[Event "20th HZ Open 2016"]
[Site "Vlissingen NED"]
[Date "2016.08.07"]
[Round "3.48"]
[White "Wedda, Dries"]
[Black "Kartsev, Soel"]
[Result "1/2-1/2"]
[WhiteElo "1920"]
[BlackElo "2221"]
[WhiteFideId "1053787"]
[BlackFideId "4130561"]
[EventDate "2016.08.06"]

1. d4 f5 2. g3 Nf6 3. Bg2 d6 4. Nf3 g6 5. O-O Bg7 6. b3 O-O 7. Bb2 c6 8. c4 Na6
9. Nbd2 h6 10. Ne1 g5 11. e4 fxe4 12. Nxe4 Nxe4 13. Bxe4 e5 14. dxe5 Nc5 15. Bc2
dxe5 16. Qe2 Bh3 17. Ng2 Qf6 18. Rad1 Ne6 19. Qe4 Bf5 20. Qxf5 Qxf5 21. Bxf5
Rxf5 22. Ne3 Rf7 23. Ng4 Rf5 24. Ne3 Rf7 25. Ng4 Rf5 26. Ne3 Rf3 27. Ng4 Rf5 28.
Ne3 Rf7 29. Ng4 1/2-1/2

[Event "20th HZ Open 2016"]
[Site "Vlissingen NED"]
[Date "2016.08.07"]
[Round "3.49"]
[White "Balje, Jan"]
[Black "Krosenbrink, Marcel"]
[Result "1-0"]
[WhiteElo "2219"]
[BlackElo "1894"]
[WhiteFideId "1004085"]
[BlackFideId "1033271"]
[EventDate "2016.08.06"]

1. d4 f5 2. g3 Nf6 3. Bg2 e6 4. Nf3 Be7 5. c4 d6 6. O-O O-O 7. Nc3 Qe8 8. b3
Nbd7 9. Bb2 Qh5 10. Qc2 Bd8 11. e4 f4 12. gxf4 Qg4 13. h3 Qg6 14. f5 exf5 15.
exf5 Qh5 16. Ne2 Nb8 17. Ng3 Qe8 18. Rfe1 Qd7 19. Rad1 Nc6 20. Ne5 Nxe5 21. dxe5
Ne8 22. f6 gxf6 23. e6 Qg7 24. Qe2 1-0

[Event "20th HZ Open 2016"]
[Site "Vlissingen NED"]
[Date "2016.08.07"]
[Round "3.50"]
[White "Huijzer, Jacques"]
[Black "Brouwer, Dennis"]
[Result "0-1"]
[WhiteElo "1917"]
[BlackElo "2217"]
[WhiteFideId "1012282"]
[BlackFideId "1018060"]
[EventDate "2016.08.06"]

1. e4 e5 2. Nc3 Nf6 3. Bc4 Nc6 4. d3 Na5 5. Nf3 Nxc4 6. dxc4 d6 7. h3 Be7 8. O-O
O-O 9. Qd3 h6 10. Be3 c6 11. Rad1 Qc7 12. Qe2 Be6 13. b3 Nd7 14. Nh2 a6 15. f4
exf4 16. Bxf4 Ne5 17. Nf3 Bf6 18. Nxe5 Bxe5 19. Bxe5 dxe5 20. Rd2 Rfd8 21. Rfd1
Rf8 22. Rf1 Rae8 23. Nd1 Rd8 24. Rf3 Qa5 25. Rxd8 Rxd8 26. Nc3 Rd4 27. Rd3 Qa3
28. Qd2 Qc5 29. Kf1 f5 30. Rxd4 Qxd4 31. Qxd4 exd4 32. Ne2 c5 33. Nf4 Kf7 34. e5
g6 35. Nd3 b6 36. Ke2 a5 37. Kf3 Bc8 38. a3 Bb7+ 39. Kf2 Be4 40. Ne1 Ke6 41. h4
g5 0-1

[Event "20th HZ Open 2016"]
[Site "Vlissingen NED"]
[Date "2016.08.08"]
[Round "4.13"]
[White "Leenhouts, Koen"]
[Black "Hummel, Erik-Jan"]
[Result "1-0"]
[WhiteTitle "IM"]
[BlackTitle "FM"]
[WhiteElo "2491"]
[BlackElo "2294"]
[WhiteFideId "1008439"]
[BlackFideId "1009028"]
[EventDate "2016.08.06"]

1. d4 Nf6 2. c4 c5 3. d5 e6 4. Nc3 exd5 5. cxd5 d6 6. Nf3 g6 7. g3 Bg7 8. Bg2
O-O 9. O-O Re8 10. Bf4 Na6 11. Re1 Bg4 12. e4 Nd7 13. h3 Bxf3 14. Qxf3 Ne5 15.
Qe2 Nc7 16. a4 Na6 17. a5 Nb4 18. Red1 a6 19. Ra4 b5 20. axb6 Qxb6 21. Be3 Nd7
22. Rda1 Bd4 23. Bh6 c4 24. Kh2 Rab8 25. Qxc4 Bxf2 26. e5 Rxe5 27. Ne4 Rh5 28.
Bf4 Nxd5 29. Rxa6 Qd4 30. Qxd4 Bxd4 31. Rxd6 N7b6 32. Rxd5 Nxd5 33. Bxb8 Bxb2
34. Rb1 1-0

[Event "20th HZ Open 2016"]
[Site "Vlissingen NED"]
[Date "2016.08.08"]
[Round "4.14"]
[White "Peek, Marcel"]
[Black "Hausrath, Daniel"]
[Result "1/2-1/2"]
[WhiteTitle "IM"]
[BlackTitle "GM"]
[WhiteElo "2325"]
[BlackElo "2487"]
[WhiteFideId "1000462"]
[BlackFideId "4617495"]
[EventDate "2016.08.06"]

1. d4 Nf6 2. Nf3 e6 3. c4 Nc6 4. a3 d6 5. Nc3 g6 6. d5 Nb8 7. e4 Bg7 8. Bd3 O-O
9. h3 a5 10. O-O e5 11. Rb1 Nh5 12. Re1 Nf4 13. Bf1 h6 14. Kh2 g5 15. g3 Ng6 16.
Nd2 Nd7 17. b4 Nf6 18. c5 axb4 19. axb4 g4 20. Nc4 Qd7 21. cxd6 gxh3 22. f3 b5
23. Ne3 Qxd6 24. Bxh3 Bxh3 25. Kxh3 Ne7 26. Qe2 c6 27. Rd1 cxd5 28. Ncxd5 Nfxd5
29. Nxd5 Nxd5 30. Rxd5 Qe6+ 31. Kg2 Rfc8 32. Be3 Rc3 33. Rbd1 Raa3 34. R1d3 Rxd3 1/2-1/2

[Event "20th HZ Open 2016"]
[Site "Vlissingen NED"]
[Date "2016.08.08"]
[Round "4.15"]
[White "Stany, G.A."]
[Black "Praveen, Kumar C"]
[Result "1/2-1/2"]
[WhiteTitle "IM"]
[BlackTitle "IM"]
[WhiteElo "2476"]
[BlackElo "2242"]
[WhiteFideId "5029104"]
[BlackFideId "5007372"]
[EventDate "2016.08.06"]

1. e4 e6 2. d4 d5 3. Nd2 Be7 4. Bd3 c5 5. dxc5 Nf6 6. Qe2 O-O 7. Ngf3 a5 8. O-O
Na6 9. e5 Nd7 10. c4 Naxc5 11. Bc2 b6 12. Nd4 Bb7 13. Rd1 Rc8 14. cxd5 Bxd5 15.
Nb1 Qc7 16. f4 Rfd8 17. Nc3 Bb7 18. Be3 Qb8 19. Rd2 Nf8 20. Rad1 Ng6 21. g3 Ba8
22. h4 Bf8 23. Kh2 Ne7 24. Ndb5 Rxd2 25. Rxd2 Nf5 26. Bxc5 Bxc5 27. Be4 Rd8 28.
Rxd8+ Qxd8 29. h5 Bxe4 30. Nxe4 h6 31. Qd2 Qa8 1/2-1/2

[Event "20th HZ Open 2016"]
[Site "Vlissingen NED"]
[Date "2016.08.08"]
[Round "4.16"]
[White "Nagtegaal, Kees"]
[Black "Wan, Yunguo"]
[Result "0-1"]
[WhiteTitle "FM"]
[BlackTitle "GM"]
[WhiteElo "2306"]
[BlackElo "2458"]
[WhiteFideId "1012886"]
[BlackFideId "8603189"]
[EventDate "2016.08.06"]

1. c4 Nf6 2. g3 g6 3. Bg2 Bg7 4. Nc3 O-O 5. d3 d6 6. e4 Bg4 7. Nge2 Qc8 8. h3
Bd7 9. d4 Nc6 10. Be3 Re8 11. d5 Na5 12. Qd3 c5 13. b3 a6 14. Rc1 Rb8 15. g4 b5
16. O-O bxc4 17. bxc4 Rb2 18. f4 h5 19. e5 hxg4 20. exf6 exf6 21. hxg4 Bxg4 22.
Rf2 Nxc4 23. Nd1 Bxe2 24. Rxe2 Rxe2 25. Qxe2 Nxe3 26. Nxe3 f5 27. Qd3 Bd4 28.
Re1 Qd8 0-1

[Event "20th HZ Open 2016"]
[Site "Vlissingen NED"]
[Date "2016.08.08"]
[Round "4.17"]
[White "Venkatesh, M.R."]
[Black "Afek, Yochanan"]
[Result "1/2-1/2"]
[WhiteTitle "GM"]
[BlackTitle "IM"]
[WhiteElo "2450"]
[BlackElo "2237"]
[WhiteFideId "5005779"]
[BlackFideId "2800462"]
[EventDate "2016.08.06"]

1. e4 c5 2. b3 Nf6 3. Nc3 Nc6 4. f4 d5 5. e5 d4 6. Na4 Nd5 7. Nxc5 Nxf4 8. Qf3
Qd5 9. Qxf4 Qxc5 10. Nf3 Be6 11. Bb2 Qxc2 12. Bxd4 g5 13. Nxg5 Bh6 14. Bc3 Qg6
15. h4 Rg8 16. Bc4 Bxg5 17. hxg5 Qf5 18. Qxf5 Bxf5 19. g4 Be4 20. O-O e6 21.
Rae1 Bg6 22. b4 O-O-O 23. b5 Ne7 24. Rc1 Kb8 25. Bb4 Nc8 26. Rf4 Rd7 27. Kf2
Rgd8 28. a4 Rd4 29. Rxd4 Rxd4 30. Bc5 Rxd2+ 31. Ke3 Rc2 32. Rxc2 Bxc2 33. Kd2
Bb1 34. a5 b6 35. Bb4 bxa5 36. Bxa5 Kb7 37. Kc3 Nb6 38. Be2 Kc7 39. Kd4 Kd7 40.
Bd1 Ke7 41. Kc5 Nd7+ 42. Kc6 Bd3 43. Bb4+ Kd8 44. Bc3 Kc8 45. Bd4 Nb8+ 46. Kc5
Kc7 47. Kb4 Nd7 48. Ka5 Nb6 49. Ka6 Nd5 50. Bf3 Kc8 51. Bxd5 exd5 52. Bxa7 Kc7
53. Bb6+ Kd7 54. Bd4 Kc7 55. Ka5 Be2 56. Kb4 Bxg4 57. Kc5 Be2 58. b6+ Kd7 59.
Be3 d4 1/2-1/2

[Event "20th HZ Open 2016"]
[Site "Vlissingen NED"]
[Date "2016.08.08"]
[Round "4.18"]
[White "Mu, Ke"]
[Black "De Boer, Eelke"]
[Result "1-0"]
[WhiteElo "2419"]
[BlackElo "2183"]
[WhiteFideId "8602778"]
[BlackFideId "1048120"]
[EventDate "2016.08.06"]

1. b3 e5 2. Bb2 Nc6 3. e3 Nf6 4. Bb5 d6 5. Nf3 Be7 6. d4 e4 7. Nfd2 a6 8. Be2
Nb8 9. c4 c6 10. d5 cxd5 11. cxd5 O-O 12. Nc3 Qa5 13. Nc4 Qd8 14. Qd4 Bf5 15. g4
Nxg4 16. Bxg4 Bxg4 17. Nxe4 f6 18. Rg1 Bh5 19. Nb6 Ra7 20. Rc1 Qe8 21. Nc8 Ra8
22. Nxe7+ Qxe7 23. Nxf6+ Rxf6 24. Qxf6 Qxf6 25. Bxf6 Bg6 26. Rc8+ Kf7 27. Bd4 1-0

[Event "20th HZ Open 2016"]
[Site "Vlissingen NED"]
[Date "2016.08.08"]
[Round "4.19"]
[White "Kevlishvili, Robby"]
[Black "Franssen, Jeroen"]
[Result "1-0"]
[WhiteTitle "FM"]
[WhiteElo "2409"]
[BlackElo "2156"]
[WhiteFideId "1040634"]
[BlackFideId "1032410"]
[EventDate "2016.08.06"]

1. e4 e5 2. Nf3 Nc6 3. Bb5 Nf6 4. d3 Bc5 5. Bxc6 dxc6 6. Bg5 Qd6 7. Nbd2 Be6 8.
Bxf6 gxf6 9. Nc4 Qf8 10. Qe2 Qh6 11. Ne3 O-O-O 12. g3 Bxe3 13. Qxe3 Qh5 14. Nh4
b6 15. O-O Rhg8 16. Kh1 Rde8 17. a4 f5 18. exf5 Bxf5 19. a5 Bh3 20. Rfe1 Kb7 21.
Ra4 f5 22. Qf3 Qh6 23. Nxf5 Qf6 24. Nh4 Qe6 25. Rc4 Qd5 26. a6+ Kc8 27. Qxd5
cxd5 28. Rc6 Rgf8 29. Kg1 Rf7 30. Rh6 Bd7 31. Rh5 Rfe7 32. Nf5 Bxf5 33. Rxf5 Kd7
34. Kg2 Kc6 35. h4 Kb5 36. Kf3 Kxa6 37. g4 Kb5 38. g5 c6 39. h5 a5 40. Kg4 Kc5
41. g6 hxg6 42. hxg6 Kd6 43. Kg5 Rg8 44. Rf6+ Re6 45. Rxe6+ Kxe6 46. f4 1-0

[Event "20th HZ Open 2016"]
[Site "Vlissingen NED"]
[Date "2016.08.08"]
[Round "4.20"]
[White "Brink, Barry"]
[Black "Bosboom, Manuel"]
[Result "1-0"]
[WhiteTitle "FM"]
[BlackTitle "IM"]
[WhiteElo "2293"]
[BlackElo "2400"]
[WhiteFideId "1009451"]
[BlackFideId "1000080"]
[EventDate "2016.08.06"]

1. d4 d6 2. Nf3 Nd7 3. c4 e5 4. Nc3 Ngf6 5. d5 a5 6. e4 Nc5 7. Qc2 Be7 8. Be2
O-O 9. O-O b6 10. b3 Ne8 11. Be3 f5 12. Bxc5 bxc5 13. exf5 Bxf5 14. Bd3 g6 15.
Ne4 Ng7 16. Qd2 Nh5 17. Ng3 Nf4 18. Be4 Qd7 19. Qe3 Rf7 20. Nxe5 dxe5 21. d6 Rd8
22. dxe7 Qxe7 23. Rfe1 Qg5 24. Qxc5 h5 25. h4 Qxh4 26. Qxe5 Qg5 27. Rad1 Rdf8
28. Bd5 h4 29. Nxf5 gxf5 30. Rd4 Nxd5 31. Qxd5 Kh8 32. Qf3 Rg8 33. Qh3 f4 34.
Re6 Rfg7 35. Kh1 Qh5 36. Rd5 Qh7 37. Qc3 h3 38. gxh3 Qb1+ 39. Re1 Qg6 40. Qf3
Rh7 41. Kh2 a4 42. bxa4 c6 43. Rdd1 Qf6 44. Rg1 Rf8 45. Rg4 Qe5 46. Rdg1 Qd4 47.
Rg6 c5 48. a5 1-0

[Event "20th HZ Open 2016"]
[Site "Vlissingen NED"]
[Date "2016.08.08"]
[Round "4.21"]
[White "Lacrosse, Marc"]
[Black "Van Foreest, Lucas"]
[Result "1/2-1/2"]
[WhiteTitle "FM"]
[WhiteElo "2225"]
[BlackElo "2393"]
[WhiteFideId "200921"]
[BlackFideId "1039792"]
[EventDate "2016.08.06"]

1. d4 d5 2. c4 c6 3. Nf3 Nf6 4. Nc3 e6 5. cxd5 exd5 6. Bg5 Be7 7. Qc2 g6 8. e3
Bf5 9. Bd3 Bxd3 10. Qxd3 Nbd7 11. O-O O-O 12. Rab1 a5 13. Qc2 Re8 14. a3 Ne4 15.
Bxe7 Qxe7 16. b4 axb4 17. axb4 Ra3 18. Nxe4 dxe4 19. Nd2 Qe6 20. Qc4 Qd6 21.
Rfc1 h5 22. b5 c5 23. Qc2 Qd5 24. Qc4 Qd6 25. Qc2 Qd5 26. Qc4 Qd6 1/2-1/2

[Event "20th HZ Open 2016"]
[Site "Vlissingen NED"]
[Date "2016.08.08"]
[Round "4.22"]
[White "Provoost, Simon"]
[Black "Perske, Thore"]
[Result "1-0"]
[BlackTitle "FM"]
[WhiteElo "2178"]
[BlackElo "2377"]
[WhiteFideId "1016334"]
[BlackFideId "12902195"]
[EventDate "2016.08.06"]

1. c4 Nf6 2. g3 g6 3. Bg2 Bg7 4. Nc3 O-O 5. e4 d6 6. Nge2 c5 7. O-O Nc6 8. d3
Ne8 9. Be3 Nd4 10. Qd2 Rb8 11. Bh6 Nxe2+ 12. Nxe2 Bg4 13. Nc3 Qd7 14. Bxg7 Nxg7
15. Qh6 f6 16. f4 a6 17. f5 g5 18. h4 Qe8 19. hxg5 Qh5 20. Qxh5 Nxh5 21. gxf6
exf6 22. Bf3 Bxf3 23. Rxf3 Kf7 24. g4 Rg8 25. Kf2 Rxg4 26. Rh1 Ng7 27. Rxh7 b5
28. cxb5 axb5 29. Nd5 c4 30. Ne3 Rg5 31. dxc4 bxc4 32. Nxc4 Rg4 33. Ra3 d5 34.
Kf3 Rg5 35. Ra7+ Kg8 36. Raxg7+ Rxg7 37. Rxg7+ Kxg7 38. exd5 Kh6 39. d6 Kg5 40.
Ke4 Rb7 41. a4 Rb4 42. d7 Rxc4+ 43. Kd3 Rc1 44. Kd2 1-0

[Event "20th HZ Open 2016"]
[Site "Vlissingen NED"]
[Date "2016.08.08"]
[Round "4.23"]
[White "Oleksiyenko, Mykhaylo"]
[Black "Berghuis, Marten"]
[Result "1-0"]
[WhiteTitle "GM"]
[WhiteElo "2610"]
[BlackElo "2007"]
[WhiteFideId "4152417"]
[BlackFideId "1040103"]
[EventDate "2016.08.06"]

1. d4 d5 2. Nf3 Nc6 3. c4 Bg4 4. Nc3 e6 5. Bf4 dxc4 6. e3 Bd6 7. Bg3 Nge7 8.
Bxc4 O-O 9. O-O Bxg3 10. hxg3 Ng6 11. Bb5 Nce7 12. Qb3 c6 13. Bd3 Qb6 14. Qxb6
axb6 15. Nh2 1-0